Anteproyecto de perfil de vertedero para regulación de altura sobre el Arroyo Napostá /

Guardado en:
Autor Principal: Mancini, Sandra.
Otros Autores: D'Adam, Gustavo.
Formato: Libro
Idioma:Spanish
Publicado: Bahía Blanca : Universidad Nacional del Sur, 199?.
Series:Trabajo final de carrera
Materias:
Etiquetas: Agregar Etiqueta
Sin Etiquetas, Sea el primero en etiquetar este registro!
LEADER 00793nam a22002295a 4500
001 EUN.um069140
003 AR-BaUNS
005 20050623122932.0
008 041125s199?####ag#a##########000#0#spa#d
245 1 0 |a Anteproyecto de perfil de vertedero para regulación de altura sobre el Arroyo Napostá /  |c Sandra Mancini, Gustavo D'Adam. 
260 |a Bahía Blanca :  |b Universidad Nacional del Sur,  |c 199?. 
300 |a No paginado :  |b il. ;  |c 30 cm. . 
490 0 |a Trabajo final de carrera 
100 1 |a Mancini, Sandra. 
700 1 |a D'Adam, Gustavo. 
082 0 4 |a 627.8 
653 |a Trabajo final de carrera 
653 |a Ingenieria hidraulica 
653 |a Estructuras hidraulicas 
653 |a Arroyo naposta 
653 |a Bahia blanca 
859 |a Ar-BaUNS  |b BIB. CENTRAL - Sector C  |h 627.8  |i M312  |p 113032/002